Futures and options in risk management / (Record no. 1200)

MARC details
000 -LEADER
fixed length control field 00609nac a22001811u 4500
020 ## - INTERNATIONAL STANDARD BOOK NUMBER
International Standard Book Number 9812548890
082 ## - DEWEY DECIMAL CLASSIFICATION NUMBER
Classification number 658.155
Item number W3371
090 ## - LOCALLY ASSIGNED LC-TYPE CALL NUMBER (OCLC); LOCAL CALL NUMBER (OCLC)
-- 1200
-- 1200
100 ## - MAIN ENTRY--PERSONAL NAME
Personal name Watsham, Terry J.
245 ## - TITLE STATEMENT
Title Futures and options in risk management /
Statement of responsibility, etc Terry J. Watsham.
250 ## - EDITION STATEMENT
Edition statement 2nd ed.
260 ## - PUBLICATION, DISTRIBUTION, ETC. (IMPRINT)
Place of publication, distribution, etc Australia :
Name of publisher, distributor, etc Thomson
Date of publication, distribution, etc 1998.
300 ## - PHYSICAL DESCRIPTION
Extent 606 p. :
Other physical details Diagram,
Dimensions 24 cm.
500 ## - GENERAL NOTE
General note Includes index.
650 ## - SUBJECT ADDED ENTRY--TOPICAL TERM
Topical term or geographic name as entry element Risk management.
942 ## - ADDED ENTRY ELEMENTS (KOHA)
Item type Book - Borrowing
Call number prefix 658.155W3371
Holdings
Withdrawn status Item status Damaged status Not for loan Home library Current library Shelving location Date acquired Source of acquisition Total Checkouts Full call number Barcode Date last seen Date last borrowed Koha item type
        Central Library Central Library First floor 27/08/2006 Purchase 1 658.155 WAT 000003292 15/07/2025 24/06/2018 Book - Borrowing